| 000 | 00642nam a22002057a 4500 | ||
|---|---|---|---|
| 003 | dpl | ||
| 005 | 20180725155843.0 | ||
| 008 | 180725b xxu||||| |||| 00| 0 eng d | ||
| 020 |
_a8170544092 _c300.00 |
||
| 035 | _aB-216869 | ||
| 040 |
_aDPL _bEN _c0 |
||
| 082 | _a370.118 | ||
| 100 | _aZaidi,Nafiz | ||
| 245 |
_aEnviromnment and Creativity in School Education / _cby Nafiz Zaidi [and] Rukhsana Nasar |
||
| 260 |
_aNew Delhi _b Classical Publishing Company _c2006 |
||
| 300 |
_avii,120.; _c20cm |
||
| 500 | _aincludes Summary and Conclusion, References | ||
| 700 | _aNasar,Rukhsana | ||
| 942 |
_2ddc _cEN _h370.118 _mNAF |
||
| 999 |
_c154832 _d154832 |
||